000 00662nam a2200229 a 4500
001 BRCA_6678
005 20190320205542.0
008 131011s1908----gw-ab#####---#000-0#ger-#
041 _ager
044 _agw
050 4 _aQB43
_b.M45 1908
100 1 _aMeyer, M. W.
_d1853-1910
_q(Max Wilhelm)
_916704
245 1 0 _aDas Weltgebäude
_bEine gemeinverständliche Himmelskunde
_cvon M. Wilhelm Meyer.
250 _a2
260 _aLeipzig, Alemania
_bBibliographisches Institut
_c1908
300 _axxi, 691 p.
_bil., mapas
_c26 cm.
500 _aIncluye índice alfabético
500 _aL198
650 1 4 _aAstronomía
_97908
902 _aGFM
942 _2lcc
_cB
999 _c6361
_d6361